Využitie nákladového controllingu na oceňovanie vnútropodnikových výkonov diplomová práca

Gespeichert in:
Bibliographische Detailangaben
1. Verfasser: Pavlisová, Magdaléna
Körperschaft: Fakulta podnikového manažmentu EU. Katedra podnikovohospodárska
Weitere Verfasser: Tóth, Miroslav, 1961-
Format: Buch
Sprache:Slowakisch
Veröffentlicht: Bratislava 2017
Tags: Tag hinzufügen
Keine Tags, Fügen Sie das erste Tag hinzu!

MARC

LEADER 00000nbm a2200000 4500
001 0232433
005 20171030110843.7
041 0 |a slo 
044 |a SK 
245 1 0 |a Využitie nákladového controllingu na oceňovanie vnútropodnikových výkonov  |b diplomová práca  |c Magdaléna Pavlisová ; školiteľ: Miroslav Tóth 
264 1 |a Bratislava  |c 2017 
300 |a 62 s. 
100 1 |a Pavlisová, Magdaléna 
700 1 |a Tóth, Miroslav, 1961- 
710 2 |a Fakulta podnikového manažmentu EU. Katedra podnikovohospodárska